| 000 -LEADER |
| fixed length control field |
00749nam a22002537a 4500 |
| 003 - CONTROL NUMBER IDENTIFIER |
| control field |
OSt |
| 005 - DATE AND TIME OF LATEST TRANSACTION |
| control field |
20230824113204.0 |
| 008 - FIXED-LENGTH DATA ELEMENTS--GENERAL INFORMATION |
| fixed length control field |
230824b ||||| |||| 00| 0 eng d |
| 020 ## - INTERNATIONAL STANDARD BOOK NUMBER |
| International Standard Book Number |
4713264312487 |
| 040 ## - CATALOGING SOURCE |
| Transcribing agency |
KH8 |
| 082 ## - DEWEY DECIMAL CLASSIFICATION NUMBER |
| Classification number |
495 YEH |
| 100 ## - MAIN ENTRY--PERSONAL NAME |
| Personal name |
Yeh, Shao-Ping, |
| Relator term |
author. |
| 245 ## - TITLE STATEMENT |
| Title |
Amazing Chinese 2 Workbook / |
| Statement of responsibility, etc. |
Shao-Ping Yeh. |
| 260 ## - PUBLICATION, DISTRIBUTION, ETC. |
| Place of publication, distribution, etc. |
Taiwan; |
| Name of publisher, distributor, etc. |
Kang Hsuan Educational Publishing, |
| Date of publication, distribution, etc. |
2019. |
| 300 ## - PHYSICAL DESCRIPTION |
| Extent |
148 pages : |
| Other physical details |
illustrations ; |
| Dimensions |
21 cm x 28 cm. |
| 440 ## - SERIES STATEMENT/ADDED ENTRY--TITLE |
| Title |
Amazing Chinese |
| Number of part/section of a work |
2 |
| 650 ## - SUBJECT ADDED ENTRY--TOPICAL TERM |
| Topical term or geographic name entry element |
Mandarin |
| Form subdivision |
Foreign language |
| 650 ## - SUBJECT ADDED ENTRY--TOPICAL TERM |
| Topical term or geographic name entry element |
Mandarin |
| Form subdivision |
Grammar |
| 700 ## - ADDED ENTRY--PERSONAL NAME |
| Personal name |
Chen, Lifen, |
| Relator term |
author. |
| 700 ## - ADDED ENTRY--PERSONAL NAME |
| Personal name |
Tu, Jessy, |
| Relator term |
author. |
| 700 ## - ADDED ENTRY--PERSONAL NAME |
| Personal name |
Tam, Hugo Wing-Yu, |
| Relator term |
author. |
| 700 ## - ADDED ENTRY--PERSONAL NAME |
| Personal name |
Daiwei, Wei, |
| Relator term |
author. |
| 942 ## - ADDED ENTRY ELEMENTS (KOHA) |
| Source of classification or shelving scheme |
|
| Koha item type |
Teaching Resources |